Utah's Canyonlands see & do guide.

Bibliographic Details
Format: Map
Language:English
Published: Moab, Utah ; Monticello, Utah : Utah's Canyonlands, [1993?]
Subjects:

MARC

Tag First Indicator Second Indicator Subfields
LEADER 00000cem a2200000Ia 4500
001 in00002782046
005 20150922104406.0
007 aj canzn
008 950112s1993 utu a 0 eng d
034 0 |a a 
035 |a (OCoLC)ocm31808618 
035 |a (OCoLC)31808618 
040 |a UUM  |b eng  |c UUM  |d OCL  |d OCLCQ  |d TXA  |d UtOrBLW 
043 |a n-us-ut 
049 |a TXAM 
052 |a 4342  |b C3 
052 |a 4343  |b S3  |b G7 
090 |a G4342.C3E635 1993  |b .U8 
245 0 0 |a Utah's Canyonlands see & do guide. 
246 3 |a Utah's Canyonlands see and do guide 
255 |a Scale not given. 
264 1 |a Moab, Utah ;  |a Monticello, Utah :  |b Utah's Canyonlands,  |c [1993?] 
300 |a 1 map :  |b color ;  |c 46 x 41 cm. 
336 |a cartographic image  |b cri  |2 rdacontent 
337 |a unmediated  |b n  |2 rdamedia 
338 |a sheet  |b nb  |2 rdacarrier 
500 |a Panel title. 
500 |a Shows San Juan and Grand Counties. 
500 |a Includes text and location map. 
500 |a Cartographic material. 
651 0 |a Canyonlands National Park (Utah)  |v Maps. 
651 0 |a San Juan County (Utah)  |v Maps. 
651 0 |a Grand County (Utah)  |v Maps. 
650 0 |a Recreation areas  |z Utah  |z Canyonlands National Park  |v Maps. 
655 7 |a Tourist maps.  |2 lcgft 
994 |a C0  |b TXA 
948 |a cataloged  |b h  |c 2012/7/26  |d c  |e agaffey  |f 1:56:36 pm 
999 |a MARS 
999 f f |s 14fc3438-ee19-32ce-862e-db7deff875c0  |i 270ef056-0289-315c-bcdc-fca6947a6060  |t 0 
952 f f |p normal  |a Texas A&M University  |b College Station  |c Sterling C. Evans Library  |d Evans: Maps (2nd floor)  |t 0  |e G4342.C3E635 1993 .U8  |h Library of Congress classification  |i unmediated -- sheet  |m A14832561940 
998 f f |a G4342.C3E635 1993 .U8  |t 0  |l Evans: Maps (2nd floor)